01324nam a2200157 a 4500020002700000020003000027082001200057100002000069245005400089250003600143260003300179300000800212520084400220650003201064856007001096 a0314933859 (hardcover) a9780314933850 (hardcover) a540 UML1 aUmland, Jean B.10aGeneral chemistry:Supplement sampler to accompany aInstructor's Annotated Edition. aNew YorkbWest Group,c1993. a21p aFor students to learn to think scientifically, they need something to think about. Authors Jean B. Umland and Jon M. Bellama accomplish this by integrating descriptive chemistry and theory throughout the book. From the very first chapter, the authors familiarize students with chemical reactions - which Umland and Bellama believe are the heart of chemistry. But the authors go beyond describing what happens during a reaction to explaining WHY chemical reactions occur. This allows the first lectures to include the interesting demonstrations that capture student interest and keep them captivated throughout the course. It's this approach that helps involve students in a fascinating discovery process that lets them experience the "Aha!" feeling, and makes them eager to learn more about the chemical processes taking place around them. aChemistry,general chemistry40uhttp://www.amazon.com/exec/obidos/ASIN/0314933859/chopaconline-20